Анализ эффективности использования трифторида бора в роли компенсирующего материала высокотемпературной газоохлаждаемой реакторной установки; Физико-технические проблемы в науке, промышленности и медицине

التفاصيل البيبلوغرافية
Parent link:Физико-технические проблемы в науке, промышленности и медицине.— 2022.— [С. 33-34]
المؤلف الرئيسي: Пасько Д. В.
مؤلف مشترك: Национальный исследовательский Томский политехнический университет Инженерная школа ядерных технологий Отделение ядерно-топливного цикла
مؤلفون آخرون: Кнышев В. В. Владимир Владимирович, Беденко С. В. Сергей Владимирович
الملخص:Заглавие с экрана
اللغة:الروسية
منشور في: 2022
سلاسل:Ядерные установки, перспективные ядерные топливные циклы и технологии
الموضوعات:
الوصول للمادة أونلاين:http://earchive.tpu.ru/handle/11683/74501
التنسيق: الكتروني فصل الكتاب
KOHA link:https://koha.lib.tpu.ru/cgi-bin/koha/opac-detail.pl?biblionumber=635426

MARC

LEADER 00000naa2a2200000 4500
001 635426
005 20251031110129.0
035 |a (RuTPU)RU\TPU\conf\37279 
035 |a RU\TPU\conf\37278 
090 |a 635426 
100 |a 20230123d2022 k y0rusy50 ca 
101 0 |a rus 
102 |a RU 
105 |a y z 101zy 
135 |a drgn ---uucaa 
181 0 |a i  
182 0 |a b 
200 1 |a Анализ эффективности использования трифторида бора в роли компенсирующего материала высокотемпературной газоохлаждаемой реакторной установки  |f Д. В. Пасько, В. В. Кнышев, С. В. Беденко 
203 |a Текст  |c электронный 
225 1 |a Ядерные установки, перспективные ядерные топливные циклы и технологии 
300 |a Заглавие с экрана 
320 |a [Библиогр.: с. 34 (4 назв.)] 
463 0 |0 (RuTPU)RU\TPU\conf\36995  |t Физико-технические проблемы в науке, промышленности и медицине  |o сборник тезисов докладов XI Международной научно-практической конференции, г. Томск, 07–09 сентября 2022 г.  |f Национальный исследовательский Томский политехнический университет, Инженерная школа ядерных технологий ; ред. кол. А. Г. Горюнов, О. Ю. Долматов, А. О. Семенов, Е. С. Сухих  |v [С. 33-34]  |d 2022 
610 1 |a труды учёных ТПУ 
610 1 |a электронный ресурс 
610 1 |a эффективность 
610 1 |a компенсирующие материалы 
610 1 |a высокотемпературные газоохлаждаемые ядерные реакторы 
610 1 |a ВВЭР-1000 
610 1 |a аварийная защита 
610 1 |a системы охлаждения 
700 1 |a Пасько  |b Д. В. 
701 1 |a Кнышев  |b В. В.  |c физик  |c инженер-исследователь Томского политехнического университета  |f 1993-  |g Владимир Владимирович  |3 (RuTPU)RU\TPU\pers\37039  |9 20054 
701 1 |a Беденко  |b С. В.  |c физик  |c доцент Томского политехнического университета, кандидант физико-математических наук  |f 1980-  |g Сергей Владимирович  |3 (RuTPU)RU\TPU\pers\25456  |9 11395 
712 0 2 |a Национальный исследовательский Томский политехнический университет  |b Инженерная школа ядерных технологий  |b Отделение ядерно-топливного цикла  |3 (RuTPU)RU\TPU\col\23554 
801 2 |a RU  |b 63413507  |c 20230201  |g RCR 
856 4 |u http://earchive.tpu.ru/handle/11683/74501 
942 |c BK